000 00724nam a2200253 a 4500
999 _c12476
_d12476
001 12476
003 BD-JhCC
005 20221201134023.0
008 220227b2000 enk |||| ||6| 001 0 eng d
020 _a1565642619
035 _a(BD-JhCC)12476
040 _aBD-JhCC
_dBD-JhCC
041 _aEnglish
082 _a297.1227
_bALG 2000
100 _aAl-Ghazali, Shaykh Muhammad
245 _aA Thematic Commentary On The Qur'an /
_cShaykh Muhammad Al-Ghazali.Tran: Ashur A. Shamis.
260 _aLondon :
_bThe International Institute Of Islamic Thought;
_c2000.
300 _a804 p. :
_c22 cm.
650 _aQur'an
650 _aHermeneutics
700 _aA. Shamis,Ashur
942 _2ddc
_cBK
_05